| 000 | 00643nam a2200217Ia 4500 | ||
|---|---|---|---|
| 008 | 200901s9999||||xx |||||||||||||| ||und|| | ||
| 020 | _a9577271979 | ||
| 020 | _a9789577271976 | ||
| 041 | _achi | ||
| 050 |
_aPL2878.N84 _b.L56 2003 |
||
| 100 | _a林治平 | ||
| 245 | 0 |
_a林治平选集: _b掏心集: 寫給年輕的你 / _c林治平 |
|
| 246 |
_a林治平選集: _b掏心集: 写给年轻的你/ |
||
| 260 |
_a臺北市 : _b基督教宇宙光全人關懷機構出版 , _c2003 |
||
| 300 |
_a10 v. _b; _c21 cm. |
||
| 650 | _aChristian life -- Taiwan. | ||
| 650 | _aChristian life. | ||
| 650 | _aTaiwan. | ||
| 949 | _vv.9 | ||
| 999 |
_c27659 _d27659 |
||